00663nam a2200229 a 4500001001300000003000900013005001700022008004100039020001000080082001700090100002100107245004600128260004000174300000900214500003500223650002700258700002100285902000800306942000700314952009700321999001500418nice12345678IN_TiNIC20260116011855.0070726s1968 laha grp 000 0 eng  ac10000a297.29bJAM2 aJameelah, Maryan aIslam Versus Ahlal-Kitab Past and Present aLahore bMuhammad Yusuf Khan c1968 a320p aincludes index and biblioraphy aIslam-Apologetic Works1 aJameelah, Maryan bSRS cBK 00104070aHMIbHMId2007-07-26g100.00l0o297.29 JAM2p09285r2007-07-26w2026-01-16yEB c4620d4620